书目信息 |
| 题名: |
知识分子是党的依靠力量
|
|
| 作者: | ;人民出版社 编辑 | |
| 分册: | ||
| 出版信息: | 北京 编者 1979 |
|
| 页数: | 52页 | |
| 开本: | 19cm | |
| 丛书名: | ||
| 单 册: | ||
| 中图分类: | D663.5 | |
| 科图分类: | ||
| 主题词: | 知识分子政策--中国 | |
| 电子资源: | ||
| ISBN: | ||
| 000 | 00630nam0 2200217 45 | |
| 001 | 0179002850 | |
| 005 | 20060522160802.70 | |
| 010 | @dCNY0.12 | |
| 091 | @a3001.1701 | |
| 100 | @a19950713d1979 em y0chiy0121 ea | |
| 101 | 0 | @achi |
| 102 | @aCN@b110000 | |
| 105 | @ay z 000yy | |
| 200 | 10 | @a知识分子是党的依靠力量@Azhi shi fen zi shi dang de yi kao li liang@f人民出版社编辑@Fren min chu ban she bian ji |
| 210 | @a北京@c编者@d1979 | |
| 215 | @a52页@d19cm | |
| 606 | @a知识分子政策@y中国 | |
| 690 | @aD663.5@v3 | |
| 711 | 0 | @a人民出版社@Aren min chu ban she@4编辑 |
| 801 | 0 | @aCN@bTSSF@c20060522 |
| 905 | @a10447@dD663.5@e1 | |
| 知识分子是党的依靠力量/人民出版社编辑.-北京:编者,1979 |
| 52页;19cm |
| ISBN :CNY0.12 |
| ● |
| 相关链接 |
|
|
|
|
正题名:知识分子是党的依靠力量
索取号:D663.5/1
 
预约/预借
| 序号 | 登录号 | 条形码 | 馆藏地/架位号 | 状态 | 备注 |
| 1 | 0008134 | 202368240 | 密集书库/ [索取号:D663.5/1] | 在馆 |